000 00512nam a2200181 a 4500
005 20140310183145.0
008 021111s19uu xx 00 eng d
020 _a9711110407
050 _aPE 1130.F5
_b.V712p1 2001
100 _aVillanueva, Perla M.
245 _aCompetence in communication Part I /
_cPerla M. Villanueva.
260 _aQuezon City :
_bJMC Press,
_c2001.
300 _a292 p. :
_c25 cm.
521 _aMC
650 _aEnglish language
_xgrammar
942 _cBK
_2lcc
_kLOC
999 _c19519
_d19519